Statistics for American Television Networks By Series

Click here to take the quiz!

General Stats

  • This quiz has been taken 66 times
  • The average score is 7 of 25

Answer Stats

SeriesNetwork% Correct
Brooklyn Nine-NineNBC
70%
Black-ishABC
66%
Better Call SaulAMC
54%
ElementaryCBS
48%
Rick and MortyAdult Swim
45%
9-1-1Fox
43%
AtlantaFX
39%
Master of NoneNetflix
34%
InsecureHBO
30%
ShamelessShowtime
29%
Jane the VirginThe CW
29%
FleabagAmazon
27%
Broad CityComedy Central
27%
Killing EveBBC America
21%
The Good FightCBS All Access
21%
Mr. RobotUSA
20%
ClawsTNT
20%
The MagiciansSyfy
13%
CounterpartStarz
13%
HarlotsHulu
11%
BoomerangBET
9%
BrockmireIFC
9%
Search PartyTBS
7%
JettCinemax
2%
State of the UnionSundance Now
0%

Score Distribution

Percentile by Number Answered

Percent of People with Each Score

Your Score History

You have not taken this quiz